| 000 | 00531nam a2200181Ia 4500 | ||
|---|---|---|---|
| 008 | 160319s9999 xx 000 0 und d | ||
| 020 | _a9789712709890 | ||
| 050 | _a808.81 | ||
| 050 | _bA628 2000 | ||
| 245 | 3 | _aAn Anthology of Winning Works : | |
| 245 | _bThe 1980s one-act play / | ||
| 260 | _aPasig City : | ||
| 260 | _bAnvil Publishing, | ||
| 260 | _c2000 | ||
| 440 | _aDon Carlos Palanca Memorial Awards for Literature. | ||
| 650 | _a Philippine drama (English) | ||
| 650 | _aOne-act plays -- Philippine (English) | ||
| 999 |
_c292186 _d292186 |
||